MARC

LEADER 00000nam0a2200000 4500
001 90066
005 20231031103322.0
035 |a (RuTPU)RU\TPU\book\96601 
090 |a 90066 
100 |a 20060203d1965 km y0rusy50 ca 
101 0 |a rus 
102 |a RU 
105 |a a z 001zy 
200 1 |a Математические методы в теории надежности  |e основные характеристики надежности и их статистический анализ  |f Б. В. Гнеденко, Ю. К. Беляев, А. Д. Соловьёв 
210 |a Москва  |c Наука  |d 1965 
215 |a 523 с.  |c ил. 
225 1 |a Физико-математическая библиотека инженера 
320 |a Библиогр.: с. 516-521. 
320 |a Указатель терминов: с. 522-524. 
610 1 |a надежность 
610 1 |a характеристики 
610 1 |a математические методы 
610 1 |a статистический анализ 
610 1 |a резервирование 
610 1 |a контроль 
610 1 |a качество 
675 |a 621  |v 3 
675 |a 519.7  |v 3 
700 1 |a Гнеденко  |b Б. В.  |g Борис Владимирович 
701 1 |a Беляев  |b Ю. К.  |g Юрий Константинович 
701 1 |a Соловьёв  |b А. Д.  |g Александр Дмитриеевич 
801 1 |a RU  |b 63413507  |c 20060203  |g PSBO 
801 2 |a RU  |b 63413507  |c 20220530  |g PSBO 
900 |a Надежность технических систем и управление риском 
942 |c BK